=LDR 00000nam 2200000 4500 =001 INLIS000000000035171 =005 20130612141040 =008 ***********************************ind** =035 ##$$0010-061300000035171 =041 ##$$a ind =082 ##$$a 492.731 =090 ##$$a 492.731, Alk,k =100 ##$$a Alkalali, Asad M =245 ##$$a Kamus Indonesia-Arab, Asad M. Al kalali; Disunting, Abdullah Fiqih S =260 ##$$a 2008 $b Jakarta =300 ##$$a xiv, 376 hlm., 25 cm =650 ##$$a Bahasa Indonesia - Arab Kamus =700 ##$$a Faqih S. Abdullah =850 ##$$a NBPNMAT